Statystyki dla Quiz królów strzelców 3!

Kliknij tutaj aby rozwiązać quiz!

Ogólne statystyki

  • Ten quiz został rozwiązany 39 razy
  • Średni wynik to 5 z 20

Statystyki odpowiedzi

Liga i rokPiłkarz% Poprawnych
Premier League 07/08Ronaldo
75%
Ligue 1 16/17Cavani
53%
LaLiga 98/99Raul
53%
LaLiga 05/06Eto'o
42%
Premier League 02/03van Nistelrooy
39%
Serie A 05/06Toni
33%
Bundesliga 05/06Klose
31%
Bundesliga 09/10Dzeko
28%
MLS 2019Vela
28%
Ligue 1 07/08Benzema
22%
Serie A 10/11Di Natale
22%
MLS 2015Giovinco
22%
Liga NOS 13/14Martinez
17%
Ekstraklasa 06/07Reiss
17%
Premier League 00/01Hasselbaink
14%
Eredivisie 13/14Finnbogason
11%
Liga NOS 16/17Dost
8%
Eredivisie 17/18Jahanbakhsh
8%
Ligue 1 03/04Cisse
6%
LaLiga 02/03Makkay
3%

Rozkład punktacji

Percentyl według liczby udzielonych odpowiedzi

Procent ludzi z każdym wynikiem

Twoja historia wyników

Nie rozwiązałeś tego quizu